000 00596nam a22002417a 4500
003 UA-OsUOA
001 292
007 ta
008 20050525b un ||||| |||| 00| 0 ukr d
100 _aБерроуз Э
090 _a821.111
_bБ51
942 _cBK
040 _aUA-OsUOA
_brus
_cUA-OsUOA
_dUA-OsUOA
245 _aТарзан
300 _a351 с.
955 _a3
041 _arus
080 _a821.111
020 _a5-440-01151-х
260 _aТаллин
_bВалгус
_c1990
650 7 _a82 Література. Літературознавство
_2UDC
999 _c286457
_d286457